Les départements de tous les clubs de Ligue 1 de l'histoire - Statistiques

Statistiques générales
  • Ce quiz a été pris 1 479 fois
  • Le résultat moyen est 28 sur 46
Statistiques - réponses
Département % Correct
Bouches-du-Rhône
91%
Paris
88%
Alpes-Maritimes
75%
Bas-Rhin
74%
Nord
74%
Rhône (et métropole de Lyon)
74%
Corse-du-Sud
72%
Gironde
70%
Hérault
69%
Finistère
68%
Loire-Atlantique
67%
Pas-de-Calais
67%
Gard
66%
Haute-Corse
65%
Loire
65%
Ardennes
64%
Calvados
63%
Ille-et-Vilaine
63%
Meurthe-et-Moselle
63%
Haut-Rhin
62%
Côte-d'Or
61%
Haute-Savoie
61%
Moselle
61%
Var
61%
Isère
60%
Morbihan
60%
Côtes-d'Armor
59%
Puy-de-Dôme
59%
Sarthe
58%
Haute-Garonne
56%
Seine-Maritime
56%
Doubs
55%
Maine-et-Loire
55%
Vaucluse
55%
Aube
54%
Marne
54%
Yonne
53%
Mayenne
52%
Somme
52%
Seine-Saint-Denis
50%
Indre-et-Loire
49%
Indre
48%
Charente
47%
Deux-Sèvres
47%
Haute-Vienne
45%
Saône-et-Loire
31%
Aucun quiz correspondant
Distribution des résultats
% des personnes avec chaque résultat
Percentile par nombre de réponses
Votre historique - résultats
Vous n’avez pas pris ce quiz